| 000 | 00628nam a2200217Ia 4500 | ||
|---|---|---|---|
| 005 | 20250508150346.0 | ||
| 008 | 008 250505s9999 xx 000 0 hin d | ||
| 037 | _aTextual | ||
| 040 |
_aFEDL _beng _cFEDL |
||
| 041 |
_ahin _2eng |
||
| 084 |
_a370.94, VAJ _qFEDL |
||
| 100 |
_aVajpeyee Chandrasekhar _9756493 |
||
| 245 | 0 | _aEurope ke prisidh sikchan sudharak | |
| 260 |
_aKashi India _b Gayanmandal Karyalaya _c1977 |
||
| 300 | _a188p | ||
| 490 | _aGayanmandal granthmala, 6 | ||
| 650 | _aEducation | ||
| 700 |
_a Shri Prakesh Ed. _9756494 |
||
| 942 |
_cTEXL _h370.94, VAJ |
||
| 999 |
_c1323171 _d1323171 |
||